Dictionary of chromatography (Record no. 38203)

MARC details
000 -LEADER
fixed length control field 00279nam a2200109Ia 4500
082 ## - DEWEY DECIMAL CLASSIFICATION NUMBER
Classification number 543.544(038)
Item number ANG
245 #0 - TITLE STATEMENT
Title Dictionary of chromatography
260 ## - PUBLICATION, DISTRIBUTION, ETC. (IMPRINT)
Place of publication New York
Name of publisher Huthig
Year of publication 1984
700 ## - ADDED ENTRY--PERSONAL NAME
Personal name Angle, Hans-Peter
942 ## - ADDED ENTRY ELEMENTS (KOHA)
Koha item type Books
Holdings
Withdrawn status Lost status Damaged status Not for loan Home library Current library Date acquired Cost, normal purchase price Full call number Accession Number Koha item type
        RRII Library RRII Library 16/12/2021 54.00 543.544(038) ANG 18566 Books